000 04926nam a22006495i 4500
999 _c27399
_d27399
001 978-3-030-64151-1
003 DE-He213
005 20240716160449.0
006 a|||||o|||| 00| 0
007 cr nn 008mamaa
008 210612s2021 sz | s |||| 0|eng d
020 _a9783030641511
024 7 _a10.1007/978-3-030-64151-1
_2doi
040 _cimu-kc
050 4 _aQ295
050 4 _aQA402.3-402.37
072 7 _aGPFC
_2bicssc
072 7 _aSCI064000
_2bisacsh
072 7 _aGPFC
_2thema
082 0 4 _a003
_223
245 1 0 _aRecent Trends in Naval Engineering Research
_h[electronic resource] /
_cedited by Anthony A. Ruffa, Bourama Toni.
250 _a1st ed. 2021.
264 1 _aCham :
_bSpringer International Publishing :
_bImprint: Springer,
_c2021.
300 _aXIV, 309 p. 153 illus., 117 illus. in color.
_bonline resource.
336 _atext
_btxt
_2rdacontent
337 _acomputer
_bc
_2rdamedia
338 _aonline resource
_bcr
_2rdacarrier
347 _atext file
_bPDF
_2rda
490 1 _aSTEAM-H: Science, Technology, Engineering, Agriculture, Mathematics & Health,
_x2520-1948
505 0 _aIntroductory Chapter: Mathematical Sciences and Naval Engineering Research -- Microlattice Materials and their potential applications in structural dynamics and acoustics -- Alternative Approach to Cagniard Method for Transient Ocean Acoustic Modeling -- Acoustic transmission in a low Mach number liquid flow -- Lift Production using Differential Cavity Ventilation -- An Exact Solution for a Kalman Smoother -- Metallic Foam Metamaterials for Vibration Damping and Isolation -- The other Navy Seals: Seal Whiskers as a Bio-Inspired Model for the Resolution of Vortex Induced Vibrations -- A series of multidimensional integral identities with applications to multivariate weighted generalized Gaussian Distributions -- Minimum Uniform Track Placement for Rectangular Regions -- Antenna Behavior in the Maritime Environment -- The Destabilizing impact of Non-Performers in Multi-Agent Groups -- Improving Inertial Navigation Accuracy with Bias Modeling.
520 _aThis multidisciplinary volume is the second in the STEAM-H series to feature invited contributions on mathematical applications in naval engineering. Seeking a more holistic approach that transcends current scientific boundaries, leading experts present interdisciplinary instruments and models on a broad range of topics. Each chapter places special emphasis on important methods, research directions, and applications of analysis within the field. Fundamental scientific and mathematical concepts are applied to topics such as microlattice materials in structural dynamics, acoustic transmission in low Mach number liquid flow, differential cavity ventilation on a symmetric airfoil, Kalman smoother, metallic foam metamaterials for vibration damping and isolation, seal whiskers as a bio-inspired model for the reduction of vortex-induced vibrations, multidimensional integral for multivariate weighted generalized Gaussian distributions, minimum uniform search track placement for rectangular regions, antennas in the maritime environment, the destabilizing impact of non-performers in multi-agent groups, inertial navigation accuracy with bias modeling. Carefully peer-reviewed and pedagogically presented for a broad readership, this volume is perfect to graduate and postdoctoral students interested in interdisciplinary research. Researchers in applied mathematics and sciences will find this book an important resource on the latest developments in naval engineering. In keeping with the ideals of the STEAM-H series, this volume will certainly inspire interdisciplinary understanding and collaboration.
650 0 _aSystem theory.
650 0 _aControl theory.
650 0 _aMathematical analysis.
650 0 _aNumerical analysis.
650 0 _aAlgebras, Linear.
650 0 _aFluid mechanics.
650 0 _aSpecial functions.
650 1 4 _aSystems Theory, Control .
650 2 4 _aIntegral Transforms and Operational Calculus.
650 2 4 _aNumerical Analysis.
650 2 4 _aLinear Algebra.
650 2 4 _aEngineering Fluid Dynamics.
650 2 4 _aSpecial Functions.
700 1 _aRuffa, Anthony A.
_eeditor.
_4edt
_4http://id.loc.gov/vocabulary/relators/edt
700 1 _aToni, Bourama.
_eeditor.
_4edt
_4http://id.loc.gov/vocabulary/relators/edt
710 2 _aSpringerLink (Online service)
773 0 _tSpringer Nature eBook
776 0 8 _iPrinted edition:
_z9783030641504
776 0 8 _iPrinted edition:
_z9783030641528
776 0 8 _iPrinted edition:
_z9783030641535
830 0 _aSTEAM-H: Science, Technology, Engineering, Agriculture, Mathematics & Health,
_x2520-1948
856 4 0 _uhttps://doi.org/10.1007/978-3-030-64151-1
942 _2ddc
_cEBK